| 000 | 00000nam 2200000zi 4500 |
| 001 | 9.928268 |
| 003 | CaOODSP |
| 005 | 20240703102707 |
| 006 | m o d f |
| 007 | cr mn||||||||| |
| 008 | 231005s2022 onc o f000 0 tha d |
| 040 | |aCaOODSP|beng|erda|cCaOODSP |
| 043 | |an-cn--- |
| 086 | 1 |aA104-337/2022Tha-PDF |
| 245 | 05|a[The Safe Food for Canadians Regulations] : |b[what small businesses need to know]. |
| 250 | |a[Thai edition]. |
| 264 | 1|a[Ottawa] : |bCanadian Food Inspection Agency = Agence canadienne d'inspection des aliments, |c[2022] |
| 300 | |a1 online resource (1 page) |
| 336 | |atext|btxt|2rdacontent |
| 337 | |acomputer|bc|2rdamedia |
| 338 | |aonline resource|bcr|2rdacarrier |
| 500 | |aIssued also in English under title: The Safe Food for Canadians Regulations : what small businesses need to know; and in French under title: Le Règlement sur la salubrité des aliments au Canada : ce que les petites entreprises doivent savoir. |
| 500 | |aEnglish title provided by publisher. |
| 500 | |a"CFIA P1018Th-19." |
| 546 | |aText in Thai. |
| 650 | 0|aFood|xSafety regulations|zCanada. |
| 650 | 0|aFood industry and trade|xSafety regulations|zCanada. |
| 650 | 0|aSmall business|zCanada. |
| 710 | 2 |aCanadian Food Inspection Agency, |eissuing body. |
| 775 | 08|tKanadalılar için Güvenli Gıda Mevzuatı : |w(CaOODSP)9.928269 |
| 775 | 08|t[The Safe Food for Canadians Regulations] : |w(CaOODSP)9.928260 |
| 775 | 08|t[The Safe Food for Canadians Regulations] : |w(CaOODSP)9.928261 |
| 775 | 08|t[The Safe Food for Canadians Regulations] : |w(CaOODSP)9.928262 |
| 775 | 08|tBestimmungen über sichere Lebensmittel für Kanadierinnen und Kanadier : |w(CaOODSP)9.928263 |
| 775 | 08|t[The Safe Food for Canadians Regulations] : |w(CaOODSP)9.928264 |
| 775 | 08|tThe Safe Food for Canadians Regulations : |w(CaOODSP)9.928258 |
| 775 | 08|t[The Safe Food for Canadians Regulations] : |w(CaOODSP)9.928265 |
| 775 | 08|tRegulamento Canadense de Segurança dos Alimentos : |w(CaOODSP)9.928266 |
| 775 | 08|tReglamento sobre la salubridad de los alimentos en Canadá : |w(CaOODSP)9.928267 |
| 792 | |t[Le Règlement sur la salubrité des aliments au Canada] : |efre|w(CaOODSP)9.928306 |
| 856 | 40|qPDF|s473 KB|uhttps://publications.gc.ca/collections/collection_2023/acia-cfia/A104-337-2022-tha.pdf |
| 986 | |aP1018Th-19 |